000 00781nam a2200265 a 4500
001
003 DO-SdBNP
005 20211013105936.0
008 110118s2010 dr 001 idspa d
020 _a9789945003857
040 _aDO-SdBNP
_bspa
_cBPMSU
049 _a
082 _aRD866.44
_bM663c 2010
_222
100 1 _aMinaya, Ligia,
_d1941-
245 1 0 _aCartas desde Denver /
_cLigia Minaya.
260 _aSanto Domingo :
_bLibrería La Trinitaria,
_c2010.
300 _a151 p. ;
_c23 cm.
500 _aIncluye datos biográficos de la autora en las solapas.
590 _6Inventariado, 2021/VM
650 4 _aAutores dominicanos
_xCorrespondencia, memorias, etc.
650 4 _aCartas dominicanas
650 4 _aLiteratura dominicana.
910 _aVMateo V:
942 _2ddc
_cBK
999 _c13790
_d13790